PRACTICE OF DERMATOLOGY (Record no. 14625)

MARC details
000 -LEADER
fixed length control field 00275nam a22001337a 4500
003 - CONTROL NUMBER IDENTIFIER
control field SGT
082 ## - DEWEY DECIMAL CLASSIFICATION NUMBER
Classification number 616.5
Item number P14B
100 ## - MAIN ENTRY--PERSONAL NAME
Personal name BEHL, P.N.
245 ## - TITLE STATEMENT
Title PRACTICE OF DERMATOLOGY
260 ## - PUBLICATION, DISTRIBUTION, ETC. (IMPRINT)
Place of publication, distribution, etc INDIA
Name of publisher, distributor, etc CBS
Year of Publication 2014
300 ## - PAGE DESCRIPTION
No. of Pages 500
650 ## - SUBJECT ADDED ENTRY--TOPICAL TERM
Topical term or geographic name as entry element DERMATOLOGY
942 ## - ADDED ENTRY ELEMENTS (KOHA)
Source of classification or shelving scheme Dewey Decimal Classification
Koha item type Books
Holdings
Withdrawn status Lost status Source of classification or shelving scheme Damaged status Not for loan Collection code Home library Current library Shelving location Date acquired Vendor Name Cost, normal purchase price SGTU Bill Number Total Checkouts Full call number Accession No. (Barcode) Date last seen Bill Date Koha item type
    Dewey Decimal Classification     MEDICAL SGT Medical Library SGT Medical Library Text Book 18/01/2018 ABC 495.00 SGTU 8703   616.5 P14B FM9470 18/01/2018 02/09/2017 Books
    Dewey Decimal Classification     MEDICAL SGT Medical Library SGT Medical Library Text Book 18/01/2018 ABC 495.00 SGTU 8703   616.5 P14B FM9471 18/01/2018 02/09/2017 Books
    Dewey Decimal Classification     MEDICAL SGT Medical Library SGT Medical Library Text Book 18/01/2018 ABC 495.00 SGTU 8703   616.5 P14B FM9472 18/01/2018 02/09/2017 Books